[Event "AUTO-OPEN-4483"]
[Site "http://www.queenalice.com/game.php?id=1824160"]
[Date "2023.10.29"]
[Round "1"]
[White "metamorfose"]
[Black "Tinelloski"]
[Result "0-1"]
[WhiteElo "2081"]
[BlackElo "2094"]

1. e4 c6 2. Nc3 d5 3. Nf3 dxe4 4. Nxe4 Bg4 5. Bc4 e6 6. h3 Bh5 7. Ng3 Bxf3 8.
Qxf3 Nf6 9. c3 Nbd7 10. d4 Be7 11. Qe2 Qc7 12. O-O O-O 13. Bg5 Rac8 14. Rfe1 c5
15. Rac1 cxd4 16. cxd4 Qa5 17. Bd2 Bb4 18. Bxb4 Qxb4 19. a3 Qd6 20. Rcd1 Nb6 21.
Bd3 Rfd8 22. Nh5 Nbd5 23. Be4 Nxh5 24. Qxh5 Nf6 25. Qf3 Nxe4 26. Qxe4 Qd5 27.
Qxd5 Rxd5 28. Re5 Rcd8 29. Rxd5 Rxd5 30. f4 Kf8 31. Kf2 Ke7 32. Ke3 Rd6 33. Rc1
Kd7 34. Kd3 Rb6 35. b4 Rc6 36. Rc5 Ra6 37. Rc3 Kd6 38. g4 f5 39. gxf5 exf5 40.
h4 g6 41. b5 Ra4 42. Ke3 b6 43. h5 gxh5 44. Rc6+ Kd5 45. Rh6 Rxa3+ 46. Ke2 Kxd4
47. Rxh5 Ke4 48. Rh4 Ra2+ 49. Ke1 Ke3 50. Kf1 Kf3 51. Ke1 Kg3 52. Rxh7 Kxf4 0-1

[Event "AUTO-OPEN-4483"]
[Site "http://www.queenalice.com/game.php?id=1824189"]
[Date "2023.10.29"]
[Round "1"]
[White "metamorfose"]
[Black "dylkink93"]
[Result "1-0"]
[WhiteElo "2072"]
[BlackElo "2279"]

1. e4 d5 2. exd5 Nf6 3. Nc3 Nxd5 4. Bc4 Nxc3 5. bxc3 e5 6. Qh5 Qf6 7. Nf3 Bd6 8.
d4 g6 9. dxe5 Qe7 10. Qh6 Bxe5 11. O-O Be6 12. Nxe5 Bxc4 13. Nxc4 Nc6 14. Bg5
1-0

[Event "AUTO-OPEN-4483"]
[Site "http://www.queenalice.com/game.php?id=1824190"]
[Date "2023.10.29"]
[Round "1"]
[White "dylkink93"]
[Black "metamorfose"]
[Result "1-0"]
[WhiteElo "2281"]
[BlackElo "2088"]

1. e4 e6 2. d4 d5 3. exd5 exd5 4. Bd3 Nc6 5. Nf3 Bg4 6. c3 Qd7 7. O-O O-O-O 8.
Bf4 f6 9. Nbd2 g5 10. Bg3 h5 11. h3 Be6 12. Re1 Kb8 13. b4 g4 14. hxg4 hxg4 15.
Nh4 Nce7 16. Qe2 Bf5 17. Nxf5 Nh6 18. Nxe7 1-0

[Event "AUTO-OPEN-4483"]
[Site "http://www.queenalice.com/game.php?id=1824191"]
[Date "2023.10.29"]
[Round "1"]
[White "metamorfose"]
[Black "Capixabba789"]
[Result "1-0"]
[WhiteElo "1989"]
[BlackElo "1902"]

1. e4 d6 2. d4 Nf6 3. Nc3 e6 4. Nf3 Be7 5. Bd3 O-O 6. h4 Ng4 7. e5 dxe5 8. Bxh7+
Kh8 9. Nxe5 Kxh7 10. Qxg4 g6 11. Ne4 Nc6 12. Nxc6 bxc6 13. h5 g5 14. Nxg5+ Bxg5
15. Bxg5 Qd5 16. Be3 Rg8 17. Qf4 1-0

[Event "AUTO-OPEN-4483"]
[Site "http://www.queenalice.com/game.php?id=1824192"]
[Date "2023.10.29"]
[Round "1"]
[White "Capixabba789"]
[Black "metamorfose"]
[Result "0-1"]
[WhiteElo "1885"]
[BlackElo "1500"]

1. e4 e6 2. d4 d5 3. exd5 exd5 4. Nf3 Bd6 5. Bd3 Nc6 6. Be3 Nge7 7. Nc3 Bg4 8.
Nb5 a6 9. Nxd6+ Qxd6 10. a3 f6 11. c4 dxc4 12. Bxc4 O-O-O 13. O-O Bxf3 14. Qxf3
Nxd4 15. h3 Nxf3+ 0-1

[Event "AUTO-INT-3850"]
[Site "http://www.queenalice.com/game.php?id=1824298"]
[Date "2023.10.31"]
[Round "1"]
[White "zmanomega"]
[Black "metamorfose"]
[Result "0-1"]
[WhiteElo "1664"]
[BlackElo "2072"]

1. e4 e6 2. Bc4 d5 3. exd5 exd5 4. Bd3 Nf6 5. Qf3 Bd6 6. Ne2 O-O 7. h3 Nc6 8. c3
Ne5 9. Qe3 Nxd3+ 10. Qxd3 Re8 11. O-O c5 12. a3 c4 13. Qc2 Rxe2 14. Rd1 Ng4 15.
hxg4 Qh4 16. Kf1 Qxf2# 0-1

[Event "AUTO-INT-3850"]
[Site "http://www.queenalice.com/game.php?id=1824299"]
[Date "2023.10.31"]
[Round "1"]
[White "metamorfose"]
[Black "zmanomega"]
[Result "1-0"]
[WhiteElo "2072"]
[BlackElo "1644"]

1. e4 e5 2. Nf3 d6 3. d4 exd4 4. Nxd4 Nf6 5. Nc3 Nc6 6. Bb5 Bd7 7. O-O Ng4 8.
Nf5 Be6 9. Qxg4 g6 10. Re1 gxf5 11. exf5 a6 12. Bxc6+ bxc6 13. fxe6 f6 14. Qh5+
Ke7 15. Qf7# 1-0

[Event "AUTO-INT-3850"]
[Site "http://www.queenalice.com/game.php?id=1824312"]
[Date "2023.10.31"]
[Round "1"]
[White "mvson33"]
[Black "metamorfose"]
[Result "0-1"]
[WhiteElo "1797"]
[BlackElo "2073"]

1. e4 e6 2. d4 d5 3. exd5 exd5 4. Nf3 Bd6 5. Be2 Nc6 6. O-O Nge7 7. c3 O-O 8.
Bg5 f6 9. Bh4 Nf5 10. Bg3 Nxg3 11. fxg3 Re8 12. Nbd2 Ne7 13. Bd3 Bf5 14. Qc2
Bxd3 15. Qxd3 Qd7 16. Rae1 Nf5 17. Rxe8+ Rxe8 18. Re1 Rxe1+ 19. Nxe1 Qe6 20.
Nef3 Qe3+ 21. Qxe3 Nxe3 22. b3 Kf7 23. Kf2 Nd1+ 24. Ke1 Nxc3 25. a4 Ne4 26. Nxe4
dxe4 27. Nd2 Bb4 28. Ke2 Bxd2 29. Kxd2 Ke6 30. Ke3 Kd5 31. h3 f5 0-1

[Event "AUTO-INT-3850"]
[Site "http://www.queenalice.com/game.php?id=1824313"]
[Date "2023.10.31"]
[Round "1"]
[White "metamorfose"]
[Black "mvson33"]
[Result "1-0"]
[WhiteElo "2051"]
[BlackElo "1816"]

1. e4 d5 2. exd5 Qxd5 3. Nc3 Qa5 4. b4 Qxb4 5. Rb1 Qd6 6. Bc4 Nf6 7. Nf3 e6 8.
Nb5 Qc6 9. Qe2 Bc5 10. d4 Bb6 11. d5 Nxd5 12. Ne5 1-0

[Event "AUTO-OPEN-4484"]
[Site "http://www.queenalice.com/game.php?id=1824480"]
[Date "2023.11.2"]
[Round "1"]
[White "Carlos19"]
[Black "metamorfose"]
[Result "0-1"]
[WhiteElo "1587"]
[BlackElo "2073"]

1. e4 e6 2. Nf3 d5 3. e5 c5 4. Bb5+ Bd7 5. Bxd7+ Nxd7 6. O-O Qc7 7. Qe1 Ne7 8.
d3 Ng6 9. c4 dxc4 10. dxc4 Ndxe5 11. Nxe5 Qxe5 12. Qxe5 Nxe5 13. Nd2 O-O-O 14.
f4 Nd3 15. Nb3 Nxc1 16. Raxc1 Be7 17. Rce1 Bf6 18. Re2 Rd3 19. Nxc5 Bd4+ 20. Kh1
Bxc5 21. a3 Rhd8 22. h4 Rd1 23. Rxd1 Rxd1+ 24. Kh2 Bg1+ 25. Kg3 f5 26. Rxe6 Rd3+
0-1

[Event "AUTO-OPEN-4484"]
[Site "http://www.queenalice.com/game.php?id=1824481"]
[Date "2023.11.2"]
[Round "1"]
[White "metamorfose"]
[Black "Carlos19"]
[Result "1-0"]
[WhiteElo "2127"]
[BlackElo "1553"]

1. e4 e5 2. Nf3 Nc6 3. Bb5 d6 4. d4 Bg4 5. d5 Qd7 6. dxc6 bxc6 7. Ba4 Ne7 8. Nc3
h6 9. h3 Bxf3 10. Qxf3 f6 11. O-O h5 12. Be3 Rb8 13. Rfd1 g5 14. Qxf6 Rg8 15.
Nd5 Nxd5 16. exd5 c5 17. Qe6+ 1-0

[Event "AUTO-OPEN-4484"]
[Site "http://www.queenalice.com/game.php?id=1824508"]
[Date "2023.11.2"]
[Round "1"]
[White "metamorfose"]
[Black "ricardoguevara"]
[Result "1-0"]
[WhiteElo "2081"]
[BlackElo "1592"]

1. e4 e5 2. Nf3 Nc6 3. Bc4 Nf6 4. Ng5 d5 5. exd5 Nb4 6. d6 Bxd6 7. Nxf7 Qe7 8.
Nxh8 Be6 9. Bxe6 Qxe6 10. O-O e4 11. d4 O-O-O 12. a3 Nbd5 13. Nc3 Nxc3 14. bxc3
Rxh8 15. Be3 Ng4 16. h3 Nxe3 17. fxe3 b5 18. Qg4 Qxg4 19. hxg4 h5 20. g5 h4 21.
Rf5 a6 22. a4 b4 23. c4 h3 24. c5 Bg3 25. gxh3 Rxh3 26. Kg2 Rh2+ 27. Kxg3 Rxc2
28. Rb1 a5 29. c6 Rxc6 30. Rxa5 Rg6 31. Rxb4 Rc6 32. Kf4 Rc1 33. Kxe4 Rg1 34.
Rc4 Rg4+ 35. Kd3 g6 36. Ra7 Kd7 37. Raxc7+ Kd6 38. e4 Rg3+ 39. Kc2 Rxg5 40.
R4c6# 1-0

[Event "AUTO-OPEN-4484"]
[Site "http://www.queenalice.com/game.php?id=1824509"]
[Date "2023.11.2"]
[Round "1"]
[White "ricardoguevara"]
[Black "metamorfose"]
[Result "0-1"]
[WhiteElo "1592"]
[BlackElo "2081"]

1. e4 e6 2. Nf3 c5 3. Bc4 d5 4. exd5 exd5 5. Bb5+ Bd7 6. c4 Bxb5 7. Qe2+ Be7 8.
O-O Bxc4 9. d3 Ba6 10. Nc3 Nf6 11. Ng5 O-O 12. b3 Re8 13. Qf3 Nc6 14. Ba3 b5 15.
Bb2 Ne5 16. Qf5 Bd6 17. Nxd5 Nxd5 18. Qxh7+ Kf8 19. Qh8+ Ke7 20. Qh4 Kd7 21.
Qh3+ Kc7 22. Bxe5 Qxg5 23. Bxd6+ Kxd6 24. Rae1 Bc8 25. Qf3 Rxe1 26. Rxe1 Be6 27.
a4 a6 28. a5 Qg4 29. Qxg4 Bxg4 30. f3 Bf5 31. d4 cxd4 32. g4 Bc2 33. h4 d3 34.
h5 d2 35. Ra1 Nc3 36. Kf2 Re8 37. Kg3 Nb1 0-1

[Event "AUTO-OPEN-4484"]
[Site "http://www.queenalice.com/game.php?id=1824511"]
[Date "2023.11.2"]
[Round "1"]
[White "caradepau"]
[Black "metamorfose"]
[Result "0-1"]
[WhiteElo "1567"]
[BlackElo "2060"]

1. e4 e6 2. Bc4 d5 3. exd5 exd5 4. Bb3 Nf6 5. h3 c5 6. a3 Bd6 7. Ne2 O-O 8. O-O
Nc6 9. d3 Re8 10. Ba4 Bf5 11. Bxc6 bxc6 12. Bf4 Bxf4 13. Nxf4 Qd6 14. Qf3 Re5
15. Nc3 Rae8 16. b4 cxb4 17. axb4 Qxb4 18. Na4 g5 19. Rfb1 Qxf4 20. Qxf4 gxf4
21. Rb7 R8e7 22. Rxe7 Rxe7 23. g4 fxg3 24. fxg3 Bxh3 25. c4 Bf5 26. cxd5 cxd5
27. d4 Ne4 28. Kg2 Rb7 29. Nc5 Nxc5 30. dxc5 d4 31. c6 Rc7 32. Kf3 Rxc6 33. Rxa7
Re6 34. Kf4 Bg6 35. Kg5 Kg7 36. g4 h6+ 37. Kh4 Rd6 38. g5 hxg5+ 39. Kg4 d3 40.
Kxg5 d2 41. Ra1 Rd4 42. Rd1 f6# 0-1